| 000 | 00856cam a22002771 4500 | ||
|---|---|---|---|
| 001 | 17136 | ||
| 003 | BD-RjUL | ||
| 005 | 20211209000108.0 | ||
| 008 | 140216s1968 nyu 000 1 eng | ||
| 035 | _a(BD-RjUL)17193 | ||
| 040 |
_aDLC _cDLC _dDLC _dOCoLC _dDLC _dBD-RjUL _beng |
||
| 041 | _aeng | ||
| 082 | 0 | 0 |
_219 _a813.5 _bCOM 1968 |
| 100 | 1 |
_aCozzens, James Gould, _d1903-1978. _952253 |
|
| 245 | 1 | 0 |
_aMorning, noon, and night / _c James Gould Cozzens. |
| 250 | _a[1st ed.] | ||
| 260 |
_aNew York : _bHarcourt, Brace & World _cc1968. |
||
| 300 |
_a408 p. ; _c21 cm. |
||
| 650 | 0 |
_aBusiness consultants _xConduct of life _xFiction. _952858 |
|
| 650 | 0 |
_aLife _xFiction. _952859 |
|
| 650 | 0 |
_aInterpersonal relations _xFiction. _952860 |
|
| 655 | 7 |
_aDomestic fiction. _2lcsh _952865 |
|
| 942 |
_2ddc _cBK |
||
| 999 |
_c17136 _d17136 |
||